Представление документа в формате RUSMARC

ПолеНазваниеЗначение
  Тип записи a
  Библиографический уровень m
001 Контрольный номер RU/CBS_UL/BASE/11f70bff19f64f6ca18b09305f63bd37
005 Дата корректировки 20260126141939.7
010 Индекс ISBN __
b Уточнения в пер.
9 Тираж 112 000 экз.
d Цена 1 р. 90 к.
a ISBN
090 Данные записи __
b Тип записи Книги
c Язык записи Русский
d Отрасль знаний (КСУ) Другая
e Секретность Несекретно
g Вид записи Монография (однотомник)
100 Данные общей обработки __
a Данные общей обработки 20100830d2013 u u 1rusy ||||ca
101 Язык документа 0_
a Язык текста rus
105 Кодированные данные (монография) __
a Кодированные данные (монография) a z 000yy
200 Заглавие и сведения об ответственности 1_
a Заглавие Русская литература ХХ века
e Сведения, относящиеся к заглавию доокт. период
e Сведения, относящиеся к заглавию хрестоматия
e Сведения, относящиеся к заглавию учебное пособие
g Последующие сведения об ответственности сост. Н. А. Трифонов
205 Сведения об издании __
a Основные сведения об издании 5-е изд., доп. и перераб.
210 Выходные данные 1_
a Место издания Москва
c Издательство Просвещение
d Дата издания 1987
215 Физическое описание __
a Объем 654, [1] с.
d Формат 22 см.
c Иллюстрации/тип воспроизводства ил.
300 Общие примечания __
a Общие примечания 16+
300 Общие примечания __
a Общие примечания Под инв. номером 23356: Цс-1, Цн-1, 3-1, 4с-1, 6-1, 8-1, 19-1, 28-1, 30-1
606 Тематические рубрики 0_
a Основная рубрика Русская литература, 20 в. - Хрестоматии
610 Ключевые слова 0_
a Ключевые слова литература русская; литературоведение; хрестоматии
686 Индексы других классификаций __
a Классификационный индекс 83.3(2Рос=Рус)1
2 Код системы rubbk
801 Источник записи _0
a Страна RU
b Организация МБУК ЦБС г. Ульяновска
c Дата составления 20100830
801 Источник записи _1
a Страна RU
b Организация МБУК ЦБС г. Ульяновска
c Дата составления 20100830
852 Данные о местонахождении __
i Авторский знак Р 89
j Шифр хранения 83.3(2Рос=Рус)1